Statystyki dla Puchar Świata - klasyfikacja generalna za sezon 1997/98

Kliknij tutaj aby rozwiązać quiz!

Ogólne statystyki

  • Ten quiz został rozwiązany 16 razy
  • Średni wynik to 27 z 98

Statystyki odpowiedzi

MiejsceSkoczekNarodowośćPkt% Poprawnych
1.Primoz PeterkaSłowenia1253
100%
9.Janne AhonenFinlandia836
88%
2.Kazuyoshi FunakiJaponia1234
88%
10.Noriaki KasaiJaponia720
88%
57.Adam MałyszPolska43
81%
17.Andreas GoldbergerAustria327
81%
27.Martin SchmittNiemcy218
75%
4.Masahiko HaradaJaponia1120
75%
3.Andreas WidhoelzlAustria1208
69%
70.Jakub JandaCzechy22
69%
39.Matti HautamaekiFinlandia104
69%
6.Sven HannawaldNiemcy953
69%
16.Takanobu OkabeJaponia385
69%
42.Jussi HautamaekiFinlandia76
63%
34.Robert MatejaPolska165
63%
7.Jani SoininenFinlandia950
56%
8.Dieter ThomaNiemcy921
50%
43.Espen BredesenNorwegia65
50%
36.Hideharu MiyahiraJaponia135
50%
Simon AmmannSzwajcaria22
50%
5.Hiroya SaitohJaponia962
44%
11.Martin HoellwarthAustria568
44%
32.Roar LjoekelsoeyNorwegia191
44%
13.Stefan HorngacherAustria546
44%
67.Toni NieminenFinlandia25
44%
Wojciech SkupieńPolska23
44%
23.Akira HigashiJaponia240
38%
Damjan FrasSłowenia5
38%
15.Henning StensrudNorwegia398
38%
98.Masayuki SatoJaponia1
38%
48.Tommy IngebrigtsenNorwegia54
38%
31.Wolfgang LoitzlAustria194
38%
38.Christof DuffnerNiemcy110
31%
Haavard LieNorwegia10
31%
24.Kazuya YoshiokaJaponia238
31%
37.Nicolas DessumFrancja130
31%
63.Peter ZontaSłowenia28
31%
30.Roberto CeconWłochy199
31%
82.Heung-Chul ChoiKorea Południowa6
25%
Jaroslav SakalaCzechy245
25%
Kazuhiro NakamuraJaponia9
25%
12.Kristian BrendenNorwegia549
25%
81.Martin MesikSłowacja7
25%
44.Michal DolezalCzechy64
25%
26.Mika LaitinenFinlandia231
25%
21.Reinhard SchwarzenbergerAustria245
25%
50.Valery KobelevRosja50
25%
54.Ville KanteeFinlandia44
25%
64.Alexander HerrNiemcy28
19%
29.Ari-Pekka NikkolaFinlandia213
19%
20.Bruno ReutelerSzwajcaria255
19%
62.Jakub SuchacekCzechy29
19%
18.Lasse OttesenNorwegia288
19%
Lauri HakolaFinlandia6
19%
65.Roland AudenriethNiemcy26
19%
35.Ronny HornschuhNiemcy159
19%
Grega LangSłowenia2
13%
Greg SiegmundNiemcy56
13%
14.Hansjoerg JaekleNiemcy528
13%
53.Jerome GayFrancja45
13%
Jure RadeljSłowenia5
13%
Kazuki NishishitaJaponia22
13%
90.Lucas Chevalier-GirodFrancja3
13%
93.Marco SteinauerSzwajcaria2
13%
Sturle HolseterNorwegia78
13%
25.Sylvain FrelholzSzwajcaria232
13%
46.Frantisek JezCzechy56
6%
49.Jakub JiroutekCzechy51
6%
28.Jon Petter SandakerNorwegia217
6%
Matthias WallnerAustria44
6%
33.Michael WagnerNiemcy176
6%
Miha RihtarSłowenia26
6%
60.Morten AagheimNorwegia33
6%
Pasi KytosahoFinlandia6
6%
Robert KrenekCzechy33
6%
74.Roland WakolmAustria15
6%
59.Urban FrancSłowenia39
6%
45.Yoshikazu NorotaJaponia60
6%
Alexej SchibkoBiałoruś2
0%
Andrej LyskovecBiałoruś4
0%
52.Blaz VrhovnikSłowenia47
0%
75.Casey ColbyStany Zjednoczone13
0%
80.Falko KrismayrAustria8
0%
Frode HaareNorwegia44
0%
Jan ZelencikSłowacja2
0%
85.Juho ForsmanFinlandia5
0%
40.Kenji SudaJaponia78
0%
19.Kimmo SavolainenFinlandia262
0%
76.Kjell Erik SagbakkenNorwegia10
0%
Krystian DługopolskiPolska3
0%
58.Martin ZimmermannAustria41
0%
88.Michael KuryAustria4
0%
68.Milan ZivicSłowenia22
0%
Ralph GebstedtNiemcy2
0%
Randy WeberStany Zjednoczone3
0%
73.Ryuji TakahashiJaponia20
0%
Sitan KvarstadNorwegia50
0%
78.Vladimir RoskoSłowacja9
0%

Rozkład punktacji

Percentyl według liczby udzielonych odpowiedzi

Procent ludzi z każdym wynikiem

Twoja historia wyników

Nie rozwiązałeś tego quizu